| 000 | 01012nam a2200193Ii 4500 | ||
|---|---|---|---|
| 003 | JO-AjNU | ||
| 008 | 230605s9999||||xx |||||||||||||| ||und|| | ||
| 040 |
_aJO-AjNU _bara _erda _cJO-AjNU |
||
| 041 | _aara | ||
| 050 | 1 | 4 | _aZ699 2015 |
| 100 | 3 |
_aاعداد حنين نبيل محمد المومني؛ اشراف باجس الجنيدي, _eauthor _958279 |
|
| 245 | 0 | 0 | _aحوسبة نظام ادارة مشاريع تخرج الطلاب في جامعة عجلون الوظنية = The computerization project management system students graduated in Ajloun National University |
| 264 | 3 | 1 | _aعجلون: جامعة عجلون الوطنيه، 2015 |
| 300 |
_a54ص _bمشروع تخرج جامعة عجلون الوطنيه ( عجلون ، الاردن) كلية تكنولوجيا المعلومات ، 2015 |
||
| 336 |
_atext _btxt _2rdacontent |
||
| 337 |
_aunmediated _bn _2rdamedia |
||
| 338 |
_avolume _bnc _2rdacarrier |
||
| 650 | 4 |
_aادارة مشاريع تخرج الطلاب - نظام حمسبة _958280 |
|
| 999 |
_aA26163 _c29731 _d29731 |
||